| 000 | 01483nam a2200337Ia 4500 | ||
|---|---|---|---|
| 001 | ebr10062899 | ||
| 003 | CaPaEBR | ||
| 006 | m u | ||
| 007 | cr cn||||||||| | ||
| 008 | 890629s1989 dcua sb 101 0 eng d | ||
| 010 | _z 89030726 | ||
| 020 | _z0309039819 | ||
| 020 | _z0309039789 (pbk.) | ||
| 040 |
_aCaPaEBR _cCaPaEBR |
||
| 035 | _a(OCoLC)44957892 | ||
| 050 | 1 | 4 |
_aHD6061 _b.P35 1989eb |
| 245 | 0 | 0 |
_aPay equity _h[electronic resource] : _bempirical inquiries / _cRobert T. Michael, Heidi I. Hartmann, and Brigid O'Farrell, editors ; Panel on Pay Equity Research, Committee on Women's Employment and Related Social Issues, Commission on Behavioral and Social Sciences and Education, National Research Council. |
| 260 |
_aWashington, D.C. : _bNational Academy Press, _c1989. |
||
| 300 |
_axiv, 258 p. : _bill. |
||
| 500 | _aSelected papers of a workshop held in Sept. 1987. | ||
| 504 | _aIncludes bibliographies and index. | ||
| 533 |
_aElectronic reproduction. _bPalo Alto, Calif. : _cebrary, _d2009. _nAvailable via World Wide Web. _nAccess may be limited to ebrary affiliated libraries. |
||
| 650 | 0 |
_aPay equity _vCongresses. |
|
| 650 | 0 | _aWages. | |
| 655 | 7 |
_aElectronic books. _2local |
|
| 700 | 1 | _aMichael, Robert T. | |
| 700 | 1 | _aHartmann, Heidi I. | |
| 700 | 1 | _aO'Farrell, Brigid. | |
| 710 | 2 | _aebrary, Inc. | |
| 856 | 4 | 0 |
_uhttp://site.ebrary.com/lib/rucke/Doc?id=10062899 _zAn electronic book accessible through the World Wide Web; click to view |
| 999 |
_c47518 _d47518 |
||